| 000 | 01305nam a22002297a 4500 | ||
|---|---|---|---|
| 003 | NALT | ||
| 005 | 20251125232949.0 | ||
| 008 | th tha d | ||
| 040 | _aNALT | ||
| 041 | _atha | ||
| 090 |
_aKD260 _bพ639ก 2547 ล.1 |
||
| 100 | 0 | _aพิชญา มิ่งสุวรรณ | |
| 245 | 1 | 0 |
_aกระทู้ถามของสมาชิกสภาผู้แทนราษฎรและคำตอบที่ได้มีการประกาศในราชกิจจานุเบกษา ในรอบ 6 เดือนแรกของปี 2547 (1 มกราคม 2547 - 30 มิถุนายน 2547) / _cพิชญา มิ่งสุวรรณ. |
| 260 |
_aกรุงเทพฯ : _bสำนักกฎหมาย สำนักงานเลขาธิการสภาผู้แทนราษฎร, _cม.ป.ป. |
||
| 300 |
_a369 หน้า : _bตาราง ; _c29 ซม. |
||
| 650 | 0 | 4 | _aกระทู้ถาม |
| 650 | 0 | 4 | _aสมาชิกสภาผู้แทนราษฎร -- กระทู้ถาม |
| 850 | _aNALT | ||
| 856 | 4 | 0 | _uhttps://hdl.handle.net/20.500.14156/301721 |
| 942 |
_cLB _2lcc |
||
| 999 |
_c44813 _d44813 |
||
| 998 |
_j109 _k อารีรัตน์ วิชาช่าง |
||